000 01021na a2200325 4500
001 14539
003 MIRAKIL
005 20181213155256.0
008 161101b tu 000 0
020 _a9786053993414
035 _a14539
040 _aMilas
_btur
_cTR-AnCHP
041 _atur
082 _a323.6
_bY86 2014
090 _a323.6 Y86 2014
245 _aYurttaşlığı yeniden düşünmek
_bsosyolojik, hukuki ve siyasal tartışmalar
_cderleyenler Ayşe Durakbaşa ...[ve öte.]
260 _aİstanbul
_bİstanbul Bilgi Üniversitesi Yayınları
_c2014
300 _a409 s.
_c23 sm.
490 _aSosyoloji
_v18
490 _aİstanbul Bilgi Üniversitesi yayınları
_v471
500 _aDizin var.
650 _aKimlik politikası
650 _aİnsan hakları
650 _aDış ilişkiler
_xAvrupa Birliği
_zTürkiye
650 _aYurttaşlık
_xKarşı kültür çalışmaları
650 _aUlusalcılık
650 _aYurttaşlık
700 _aDurakbaşa, Ayşe
942 _2ddc
_cBKS
999 _c9756
_d9756